Triết học chính trị về quyền con người : Sách chuyên khảo
محفوظ في:
| المؤلف الرئيسي: | |
|---|---|
| التنسيق: | كتاب |
| اللغة: | Undetermined |
| منشور في: |
Hà Nội
Chính trị Quốc gia
2005
|
| الموضوعات: | |
| الوسوم: |
إضافة وسم
لا توجد وسوم, كن أول من يضع وسما على هذه التسجيلة!
|
| Thư viện lưu trữ: | Trung tâm Học liệu Trường Đại học Cần Thơ |
|---|
| LEADER | 00601nam a2200205Ia 4500 | ||
|---|---|---|---|
| 001 | CTU_94502 | ||
| 008 | 210402s9999 xx 000 0 und d | ||
| 020 | |c 17500 | ||
| 082 | |a 342.597085 | ||
| 082 | |b V312 | ||
| 100 | |a Nguyễn, Văn Vĩnh | ||
| 245 | 0 | |a Triết học chính trị về quyền con người : | |
| 245 | 0 | |b Sách chuyên khảo | |
| 245 | 0 | |c Nguyễn Văn Vĩnh | |
| 260 | |a Hà Nội | ||
| 260 | |b Chính trị Quốc gia | ||
| 260 | |c 2005 | ||
| 650 | |a Human right | ||
| 904 | |i Nguyên | ||
| 980 | |a Trung tâm Học liệu Trường Đại học Cần Thơ | ||